• 首页
  • 本馆介绍
  • 公告通知
  • 最新文献
  • 馆藏检索
  • 电子资源
  • 读者导购
  • 参考咨询
  • 我的图书馆
  • 登录
  • 详细信息显示
  • 放入我的书架
  • 预约/预借图书
  • 作者相关作品
  • 分类相关作品
  • 丛书相关作品
  • 出版社相关作品

书目信息

  • 表格格式
  • 工作单格式
  • 卡片格式
题名:
花粉治百病
    
 
作者: 王开发 , 陆明 编著
分册:  
出版信息: 上海   上海科学技术文献出版社  2006
页数: 175页
开本: 21cm
丛书名:
单 册:
中图分类: Q944.58 , R282.710.7 , R161.1
科图分类:
主题词: 花粉--基本知识 , 花粉--临床应用 , 花粉 , 临床应用 , 个人卫生
电子资源:
ISBN: 7-5439-2877-9
000 00926nam0 2200301 450
001 1571028105
005 20150129204622.92
010    @a7-5439-2877-9@dCNY15.00
100    @a20060803d2006 em y0chiy50 ea
101 0  @achi
102    @aCN@b310000
105    @aa z 000yy
200 1  @a花粉治百病@9hua fen zhi bai bing@f王开发,陆明编著
210    @a上海@c上海科学技术文献出版社@d2006
215    @a175页@c图@d21cm
330    @a本书介绍了花粉在医疗保健方面的应用。包括花粉的有效成分和生物活性、花粉中的药理作用、花粉纺织人体疾病的效用、花粉应用问答等章节。
606 0  @a花粉@x基本知识
606 0  @a花粉@x临床应用
606 0  @a花粉
606 0  @a临床应用
606 0  @a个人卫生
690    @aQ944.58@v5
690    @aR282.710.7@v5
690    @aR161.1@v4
701  0 @a王开发@9wang kai fa@f(1934~)@4编著
701  0 @a陆明@9lu ming@c(医学)@4编著
801  0 @aCN@bTSSF@c20150129
905    @aZUCC@dR161.1@eJY265
    
    花粉治百病/王开发,陆明编著.-上海:上海科学技术文献出版社,2006
    175页:图;21cm
    
    
    ISBN 7-5439-2877-9:CNY15.00
    本书介绍了花粉在医疗保健方面的应用。包括花粉的有效成分和生物活性、花粉中的药理作用、花粉纺织人体疾病的效用、花粉应用问答等章节。
●
相关链接 在E读中查询图书 在五车中查询图书 在当当中查询图书 在豆瓣中查询图书


正题名:花粉治百病     索取号:R161.1/JY265         预约/预借

序号 登录号 条形码 馆藏地/架位号 状态 备注
1 7862681   278626818   学院路分馆/ [索取号:R161.1/JY265] 在馆    
2 7863128   278631287   学院路分馆/ [索取号:R161.1/JY265] 在馆    
唐山师范学院图书馆 欢迎您!
大连网信软件有限公司© 版权所有